000 00273nam a2200097Ia 4500
005 20250424112914.0
008 250424s9999 xx 000 0 und d
300 _aii, 149 p. ; 31 cm.
650 _aTechnology--Nigeria--Periodicals. Science--Nigeria--Periodicals.
942 _cSR
999 _c37803
_d37803